000 00414nam a2200181Ia 4500
001 3500
005 20260306145648.0
008 260306t1997||||xx |||||||||||||| ||spa||
041 _aESP
082 _a282.15
_bL22
100 _aLandázuri Ricketts, Juan
_eAUT
245 0 _aMomentos de la vida de la iglesia
260 _c1997
300 _a
_c
650 _aGEN
654 _aCHU
942 _cLIB
_dJUS
_fJUS
_2ddc
_n
999 _c3500
_d3500